| 000 | 00481nam a2200181Ia 4500 | ||
|---|---|---|---|
| 008 | 210719s1982 xx 000 0 und d | ||
| 020 | _a007052873X | ||
| 041 | _aeng | ||
| 082 | _a658.15 RIGE | ||
| 100 | _aRIGGS (James L);West (Thomas M) | ||
| 245 | _aEngineering economics Ed 3 | ||
| 250 | _a3 | ||
| 260 |
_aNew York. _bMcGraw-Hill, Inc., _c1982 |
||
| 300 |
_axxiii,879 _bHB |
||
| 365 | _cRs | ||
| 650 | _aFinancial Management | ||
| 906 | _a3 ; economics ; Ed ; Engineering | ||
| 999 |
_c213630 _d213630 |
||